Unternehmenserwerb

Uložené v:
Podrobná bibliografia
Hlavný autor: Brugger, Walter
Médium: Kniha
Jazyk:German
Vydavateľské údaje: Wien Manz 1990
Vydanie:1. Aufl.
Predmet:
Tagy: Pridať tag
Žiadne tagy, Buďte prvý, kto otaguje tento záznam!

MARC

LEADER 00000nam a2200000 4500
001 c001465
005 20221215125456.3
020 |a 3-214-06098-8 
041 0 |a ger 
044 |a AT 
245 1 0 |a Unternehmenserwerb  |c Walter Brugger 
250 |a 1. Aufl. 
264 1 |a Wien  |b Manz  |c 1990 
300 |a 212 s. 
610 2 0 |a spoločnosti obchodné 
610 2 0 |a právo obchodné 
610 2 0 |a živnosti 
610 2 0 |a dane 
610 2 0 |a fúzie 
610 2 0 |a oceňovanie ekonomické 
610 2 0 |a podnik obchodný 
100 1 |a Brugger, Walter